Cm̤o potenciar tus ventas en instagram y facebook Gua̕ prc̀tica y de accin̤ para capacitar a PyMEs, emprendedores y ld̕eres /

Bibliographic Details
Main Author: Benedetti, Ariel M.
Format: eBook
Language:Spanish
Published: Bogot:̀ Ediciones de la U, 2020
Subjects:
Online Access:Acceso restringido

MARC

LEADER 00000nam a22000007a 4500
005 2021070606356.0
007 cr|||| ||||
008 210706s2020 co |||||s|||| 00||0 spa d
020 |a 978-958-792-147-2 
035 |a 33336 
040 |a vLex 
090 |c 11849  |d 11849 
100 1 |a Benedetti, Ariel M. 
245 1 0 |a Cm̤o potenciar tus ventas en instagram y facebook  |h [Recurso electrn̤ico] :  |b Gua̕ prc̀tica y de accin̤ para capacitar a PyMEs, emprendedores y ld̕eres /  |c Ariel M. Benedetti 
256 |a Servicio en ln̕ea 
260 |a Bogot:̀  |b Ediciones de la U,  |c 2020 
300 |a 1 recurso electrn̤ico 
500 |a Del autor bestseller de marketing en redes sociales, ms̀ vendido y recomendado en hispanoamřica, llega su nueva obra, que te brindar ̀respuestas a preguntas como: ¿Ests̀ invirtiendo de forma efectiva en Facebook e Instagram para potenciar tus ventas? ¿Ests̀ cansado de falsos gure︢s que te dicen qu ̌tenš que hacer pero luego no saben cm̤o hacerlo? ¿Conocš a tu audiencia potencial y cm̤o armar pb︢licos en el administrador de anuncios de Facebook, para impactar a las personas correctas? ¿Ests̀ profesionalizando tu gestin̤ comercial en las redes sociales y WhatsApp? Este libro es un curso intensivo, una gua̕ prc̀tica para potenciar tu negocio y poner manos a la obra. Es un machete para que no te vendan humo y sepas, como ld̕er, qu ̌es lo importante a la hora de maximizar tu inversin̤ y lograr resultados tangibles y de corto plazo. Emprenders̀ una aventura amena y divertida, para dar un paso adelante en tu negocio. Tu visin̤ comercial de Facebook e Instagram no ser ̀igual luego de leerla. 
506 1 |a Disponible solo en los productos indicados  |d vLex Global  |d vLex Global (Academic Edition, excluding Law Schools)  |d vLex Global (U.S. Academic Edition, Law Schools)  |d vLex Global (U.S. Academic Edition, excluding Law Schools)  |d vLex Global (Academic Edition, Law Schools) 
650 0 4 |a Marketing  |z Colombia 
740 0 |a vLex Libros (Servicio en ln̕ea) 
856 4 0 |u https://vlex.com/source/como-potenciar-tus-ventas-en-instagram-y-facebook-guia-practica-y-de-accion-para-capacitar-a-pymes-emprendedores-y-lideres-33336  |z Acceso restringido 
942 |c BOOK 
999 0 |a Marketing